LEADER 00900nam0-22003011i-450- 001 990006490680403321 005 20001010 035 $a000649068 035 $aFED01000649068 035 $a(Aleph)000649068FED01 035 $a000649068 100 $a20001010d--------km-y0itay50------ba 101 0 $aita 105 $ay-------001yy 200 1 $a<>development of Nigeria - United States diplomacy - 1960-1975$fGeorge A. Obiozor 210 $aAnn Arbor$cUniversity Microfilms Int.$d1976. 215 $a329 p.$d20 cm 300 $aDissertazione accademica mcrf. 676 $a338.9669 700 1$aObiozor,$bGeorge A.$0244256 801 0$aIT$bUNINA$gRICA$2UNIMARC 901 $aBK 912 $a990006490680403321 952 $aXIV E 2328$b21285$fFSPBC 959 $aFSPBC 996 $aDevelopment of Nigeria - United States diplomacy - 1960-1975$9653862 997 $aUNINA DB $aGEN01